Molecular characterization of a calcium-dependent protein kinase HbCDPK1 from Hevea brasiliensis (Record no. 63168)

MARC details
000 -LEADER
fixed length control field 00582nam a2200169Ia 4500
100 ## - MAIN ENTRY--AUTHOR NAME
Personal name Zhu Jia-Hong
245 #0 - TITLE STATEMENT
Title Molecular characterization of a calcium-dependent protein kinase HbCDPK1 from Hevea brasiliensis
260 ## - PUBLICATION, DISTRIBUTION, ETC. (IMPRINT)
Name of publisher IRRDB Natural Rubber Conference 2008, 13-15 October 2008, Kuala Lumpur, Malaysia: Abstract of papers
500 ## - GENERAL NOTE
General note Source Year: 2008
650 ## - SUBJECT ADDED ENTRY--TOPICAL TERM
Topical Term Calcium dependent protein kinase (CDPK)
650 ## - SUBJECT ADDED ENTRY--TOPICAL TERM
Topical Term Latex
700 ## - ADDED ENTRY--PERSONAL NAME
Personal name Cai Yuan-Bao
700 ## - ADDED ENTRY--PERSONAL NAME
Personal name Zhang Zhi-Li
856 ## - ELECTRONIC LOCATION AND ACCESS
Uniform Resource Identifier Abst only
942 ## - ADDED ENTRY ELEMENTS (KOHA)
Koha item type Journals
Holdings
Withdrawn status Lost status Damaged status Not for loan Home library Current library Shelving location Date acquired Koha item type
      Journals RRII Library RRII Library Biotechnology 28/01/2009 Journals